书目信息 |
| 书名: | Fundamentals of mathematics | |
| 作者: | Jack Barker, James Rogers, James Van Dyke. | |
| 分册号: | ||
| 分册名: | 出版地: | Fort Worth : |
|
| 出版社: | Saunders College Pub | |
| 出版时间: | c1995. | |
| 页数: | xvi, 656, 13, 5, 5, 5 p. : | |
| 开本: | 28 cm. | |
| 丛书名: | ||
| 中图分类号: | ||
| 科图分类号: | ||
| 其他分类号: | G633.6 | |
| 主题词: | ||
| 电子资源: | ||
| 000 | 01085cam a2200313 a 450 | |
| 001 | E0762089509 | |
| 005 | 20070505171509.62 | |
| 008 | 950103s1995 txua b 001 0 eng | |
| 010 | @a94067076 | |
| 020 | @a0030031540. | |
| 035 | @A(DLC) 94067076 | |
| 040 | @aDLC@cDLC@dDLC | |
| 050 | 00 | @aQA107@b.B36 1995 |
| 082 | 00 | @a513@2 20 |
| 090 | @aG633.6 | |
| 099 | @dG633.6@ex45=6 | |
| 100 | 1 | @aBarker, Jack,@d1925- |
| 245 | 10 | @aFundamentals of mathematics / @cJack Barker, James Rogers, James Van Dyke. |
| 250 | @a6th ed. | |
| 260 | @aFort Worth :@bSaunders College Pub.,@cc1995. | |
| 300 | @axvi, 656, 13, 5, 5, 5 p. :@bill. (some col.) ;@c28 cm. | |
| 504 | @aIncludes bibliographical references (p. 5, 4th set) and index. | |
| 650 | 0 | @aArithmetic. |
| 700 | 1 | @aRogers, James. |
| 700 | 1 | @aVan Dyke, James. |
| 906 | @a7@bcbc@corignew@d3@eopcn@f19@gy-gencatlg | |
| 922 | @aad | |
| 955 | @apb21 01-03-95 to cat.; jd00 01-05-95; jd25/jd20 02-28-95; jd99 02-28-95;; jd85 03-02-95; aa19 03-15-95 | |
| 991 | @bc-GenColl@hQA107@i.B36 1995@p00011422391@tCopy 1@wBOOKS | |
| Fundamentals of mathematics / / Jack Barker, James Rogers, James Van Dyke.-6th ed.-Fort Worth : : Saunders College Pub., , c1995. |
| xvi, 656, 13, 5, 5, 5 p. : : ill. (some col.) ; ; 28 cm. |
| Includes bibliographical references (p. 5, 4th set) and index. |
| ISBN 0030031540. |
| ● |
| 相关链接 |
|
|
|
|
正题名:Fundamentals of mathematics
索取号:G633.6/x45=6
 
预约/预借
| 序号 | 登录号 | 条形码 | 馆藏地/架位号 | 状态 | 备注 |
| 1 | 0007090 | 300070900 | 第二样本阅览室/ [索取号:G633.6/x45=6] | 在馆 |